<?xml version="1.0" encoding="UTF-8"?>
<record
    xmlns:xsi="http://www.w3.org/2001/XMLSchema-instance"
    xsi:schemaLocation="http://www.loc.gov/MARC21/slim http://www.loc.gov/standards/marcxml/schema/MARC21slim.xsd"
    xmlns="http://www.loc.gov/MARC21/slim">

  <leader>03223nam a2200577Ia 4500</leader>
  <controlfield tag="001">4611</controlfield>
  <controlfield tag="008">241029s9999    xx            000 0 und d</controlfield>
  <datafield tag="010" ind1=" " ind2=" ">
    <subfield code="a">4351</subfield>
  </datafield>
  <datafield tag="041" ind1=" " ind2=" ">
    <subfield code="a">Espa&#xF1;ol</subfield>
  </datafield>
  <datafield tag="082" ind1=" " ind2=" ">
    <subfield code="a">NO APLICA</subfield>
  </datafield>
  <datafield tag="245" ind1=" " ind2="0">
    <subfield code="a">Integraci&#xF3;n de las TICs a los procesos de ense&#xF1;anza de la Educaci&#xF3;n Art&#xED;stica, en la Carrera de Educaci&#xF3;n B&#xE1;sica, una experiencia en el Recinto Emilio Prud&#xB4;Homme, Mayo - Agosto, 2012</subfield>
  </datafield>
  <datafield tag="260" ind1=" " ind2=" ">
    <subfield code="a">Santiago</subfield>
  </datafield>
  <datafield tag="300" ind1=" " ind2=" ">
    <subfield code="a">103</subfield>
  </datafield>
  <datafield tag="520" ind1=" " ind2=" ">
    <subfield code="a">49</subfield>
  </datafield>
  <datafield tag="630" ind1=" " ind2=" ">
    <subfield code="a">Educaci&#xF3;n Art&#xED;stica</subfield>
  </datafield>
  <datafield tag="630" ind1=" " ind2=" ">
    <subfield code="a">Ense&#xF1;anza</subfield>
  </datafield>
  <datafield tag="630" ind1=" " ind2=" ">
    <subfield code="a">Ense&#xF1;anza-Aprendizaje</subfield>
  </datafield>
  <datafield tag="630" ind1=" " ind2=" ">
    <subfield code="a">Tecnolog&#xED;a de la Informaci&#xF3;n y Comunicaci&#xF3;n (TICs)</subfield>
  </datafield>
  <datafield tag="630" ind1=" " ind2=" ">
    <subfield code="a">Tecnolog&#xED;a Educativa</subfield>
  </datafield>
  <datafield tag="650" ind1=" " ind2=" ">
    <subfield code="a">Educaci&#xF3;n Art&#xED;stica</subfield>
  </datafield>
  <datafield tag="690" ind1=" " ind2=" ">
    <subfield code="a">Elaborado</subfield>
  </datafield>
  <datafield tag="700" ind1=" " ind2=" ">
    <subfield code="e">asesor</subfield>
    <subfield code="a">Bravo, Delfina </subfield>
  </datafield>
  <datafield tag="700" ind1=" " ind2=" ">
    <subfield code="e">autor</subfield>
    <subfield code="a">Marte,  Dilenia Altagracia </subfield>
  </datafield>
  <datafield tag="700" ind1=" " ind2=" ">
    <subfield code="e">autor</subfield>
    <subfield code="a">L&#xF3;pez, Cristiana Minerva </subfield>
  </datafield>
  <datafield tag="901" ind1=" " ind2=" ">
    <subfield code="a">{"1":"Marte","2":"L&#xF3;pez"}</subfield>
    <subfield code="b">{"1":" Dilenia Altagracia ","2":"Cristiana Minerva "}</subfield>
  </datafield>
  <datafield tag="902" ind1=" " ind2=" ">
    <subfield code="a">1</subfield>
  </datafield>
  <datafield tag="903" ind1=" " ind2=" ">
    <subfield code="a">{"1":"Bravo"}</subfield>
    <subfield code="b">{"1":"Delfina "}</subfield>
  </datafield>
  <datafield tag="904" ind1=" " ind2=" ">
    <subfield code="a">Maestro en</subfield>
  </datafield>
  <datafield tag="905" ind1=" " ind2=" ">
    <subfield code="a">Formaci&#xF3;n de Formadores</subfield>
  </datafield>
  <datafield tag="906" ind1=" " ind2=" ">
    <subfield code="a">2</subfield>
  </datafield>
  <datafield tag="907" ind1=" " ind2=" ">
    <subfield code="a">NO APLICA</subfield>
  </datafield>
  <datafield tag="908" ind1=" " ind2=" ">
    <subfield code="a">NO APLICA</subfield>
  </datafield>
  <datafield tag="909" ind1=" " ind2=" ">
    <subfield code="a">Universidad Aut&#xF3;noma de Santo Domingo (UASD)</subfield>
  </datafield>
  <datafield tag="910" ind1=" " ind2=" ">
    <subfield code="a">NULL</subfield>
    <subfield code="b">NULL</subfield>
  </datafield>
  <datafield tag="911" ind1=" " ind2=" ">
    <subfield code="a">["1"]</subfield>
  </datafield>
  <datafield tag="912" ind1=" " ind2=" ">
    <subfield code="a">NO APLICA</subfield>
  </datafield>
  <datafield tag="913" ind1=" " ind2=" ">
    <subfield code="a">NULL</subfield>
  </datafield>
  <datafield tag="914" ind1=" " ind2=" ">
    <subfield code="a">01 de Noviembre de 2012</subfield>
  </datafield>
  <datafield tag="915" ind1=" " ind2=" ">
    <subfield code="a">21/07/15 01:07</subfield>
  </datafield>
  <datafield tag="916" ind1=" " ind2=" ">
    <subfield code="a">NULL</subfield>
  </datafield>
  <datafield tag="917" ind1=" " ind2=" ">
    <subfield code="a">NULL</subfield>
  </datafield>
  <datafield tag="918" ind1=" " ind2=" ">
    <subfield code="a">NO APLICA</subfield>
  </datafield>
  <datafield tag="919" ind1=" " ind2=" ">
    <subfield code="a">["73","202","89","296","191"]</subfield>
  </datafield>
  <datafield tag="520" ind1=" " ind2=" ">
    <subfield code="a">El estudio se plante&#xF3; como objetivo principal, integrar las tecnolog&#xED;as de la informaci&#xF3;n y la comunicaci&#xF3;n, a los procesos de ense&#xF1;anza de la Educaci&#xF3;n Art&#xED;stica, en los estudiantes de Educaci&#xF3;n B&#xE1;sica. Este proyecto se enmarc&#xF3; en un paradigma de investigaci&#xF3;n socio-cr&#xED;tico. Para la realizaci&#xF3;n de esta experiencia, se seleccion&#xF3; el modelo propuesto por Stephen Kemmis, porque concordaba con lo que se deseaba realizar, un proceso formado por cuatro fases: planificar, accionar, observar y reflexionar.&#xA0; Las t&#xE9;cnicas utilizadas fueron la observaci&#xF3;n y la encuesta, el instrumento utilizado fue el cuestionario.&#xA0; La poblaci&#xF3;n con la cual se trabaj&#xF3;, estuvo formada por los estudiantes de la asignatura Educaci&#xF3;n Art&#xED;stica II. El estudio concluy&#xF3; que,&#xA0; se pudo evidenciar que mediante el uso de tecnolog&#xED;as en la clase de Educaci&#xF3;n Art&#xED;stica, los docentes en formaci&#xF3;n trabajan m&#xE1;s motivados, mostrando gran empe&#xF1;o en lo que realizan, lo que incide en que sean m&#xE1;s creativos y expresivos.El estudio recomend&#xF3; al Ministerio de Educaci&#xF3;n: que se realicen capacitaciones dirigidas al profesorado de Educaci&#xF3;n Art&#xED;stica, con miras a integrar la amplia gama de recursos proporcionados por las tecnolog&#xED;as de la informaci&#xF3;n y la comunicaci&#xF3;n a sus clases, tambi&#xE9;n &#xA0;al recinto Emilio Prud&#xB4;Homme, donde se realiz&#xF3; la investigaci&#xF3;n: que las profesoras que imparten la asignatura Educaci&#xF3;n Art&#xED;stica, tengan formaci&#xF3;n en el &#xE1;rea pedag&#xF3;gica de esa disciplina.Para visualizar este estudio en su totalidad haga click aqu&#xED;</subfield>
  </datafield>
  <datafield tag="921" ind1=" " ind2=" ">
    <subfield code="a">12</subfield>
  </datafield>
  <datafield tag="922" ind1=" " ind2=" ">
    <subfield code="a">12</subfield>
  </datafield>
  <datafield tag="923" ind1=" " ind2=" ">
    <subfield code="a">0</subfield>
  </datafield>
  <datafield tag="924" ind1=" " ind2=" ">
    <subfield code="a">NO APLICA</subfield>
  </datafield>
  <datafield tag="942" ind1=" " ind2=" ">
    <subfield code="c">Tesis</subfield>
  </datafield>
  <datafield tag="999" ind1=" " ind2=" ">
    <subfield code="c">4351</subfield>
    <subfield code="d">4351</subfield>
  </datafield>
</record>
